000 nam a22 7a 4500
999 _c51725
_d51725
003 OSt
005 20220421151857.0
008 220421b xxu||||| |||| 00| 0 eng d
040 _csero soft
100 _aBabel,Basanti Lal
245 _aThe Law of Equity,mortages Trust(Hindi)
260 _aAllahabad
_bCentral Law Publication
300 _a420
942 _2ddc
_c02